LEADER 00967nam a2200193 i 4500 001 000000196839 003 CaOOAMICUS 005 20110202000000.0 008 110202n it u000 u ita u 013 $a175523 040 $aSeMil$bita 100 1 $aBarin, Luigi .$0(OLS)http://semarc/name/10728 245 10$aTempo liturgico ; Composizioni ed azioni liturgiche ; Divino Officio ; S. Messa ; Sacramenti ; Sacramentali ecc. /$cLuigi Barin. 300 $a478, 11 p. 500 $aContiene : Bibliografia. 773 0 $aBarin, Luigi $tCatechismo liturgico.$b4. edizione completamente rifusa e notevolmente accresciuta.$dRovigo : Industrie Grafiche Italiane, 1921.$gVolume2$w()24217 850 $aSeMil 852 $aSeMil$W1$xVenegono$y1$m3K V 122$j147402$B147402$CSeMilBibl$Z2$F158955 $81 996 $6245$aTempo liturgico ; Composizioni ed azioni liturgiche ; Divino Officio ; S. Messa ; Sacramenti ; Sacramentali ecc.$9(OLS)http://semarc/title/284220 LEADER 01185nam a2200253 i 4500 001 000000050153 003 CaOOAMICUS 005 20120703000000.0 008 120703s1978 it u000 u ita u 013 $a21324 040 $aSeMil$bita 100 1 $aTettamanzi, Dionigi,$c.$0(OLS)http://semarc/name/89456 245 10$aConsultori e problemi morali :$bi diritti della legge e le responsabilità della coscienza /$cDionigi Tettamanzi. 260 $aMilano :$bLibreria della famiglia,$cstampa 1978. 300 $a174 p. ;$c21 cm. 500 $aOmaggio del Card. Dionigi Tettamanzi. 650 4$aFamiglia - Consultori.$0(OLS)http://semarc/subject/6938 850 $aSeMil 852 $aSeMil$W1$xVenegono$y1$m2F III 339$j16308$B16308$CSeMilBibl$Z2$F16308 $81 852 $aSeMil$W1$xVenegono$y1$m2E II 288/A$j234463$B242748$CSeMilBibl$Z2$F242748 $81 941 1 $a5 961 $aOmaggio: Tettamanzi Card. Dionigi 996 $6245$aConsultori e problemi morali :$bi diritti della legge e le responsabilità della coscienza$9(OLS)http://semarc/title/76516 996 $6260$aMilano :$bLibreria della famiglia$9(OLS)http://semarc/publisher/39846